Harry Potter: les Différents Postes au Quidditch - Statistiques

Statistiques générales
  • Ce quiz a été pris 86 fois
  • Le résultat moyen est 28 sur 108
Statistiques - réponses
Information Réponses % Correct
Poste connu Attrapeur
100%
Joueur connu à ce poste Harry Potter
96%
Première apparition Harry Potter à l'école des sorciers
96%
Nombre dans une équipe 1
93%
Joueuse connue à ce poste Ginny Weasley
89%
Joueur connu à ce poste Ginny Weasley
89%
But Lancer des cognards
89%
Poste connu Gardien
87%
Dernière apparition Harry Potter et le Prince de Sang-Mêlé
87%
Nombre dans une équipe 3
84%
But Attraper le vif d'or
84%
Joueur connu à ce poste Drago Malefoy
84%
Nombre dans une équipe 2
82%
Joueur connu à ce poste Olivier Dubois
82%
Joueur connu à ce poste Ron Weasley
82%
Joueur connu à ce poste Angelina Johnson
78%
Poste connu Batteur
78%
Poste connu Poursuiveur
78%
Joueur connu à ce poste Fred Weasley
76%
Joueur connu à ce poste George Weasley
76%
Joueur connu à ce poste Alicia Spinnet
67%
Joueur connu à ce poste Katie Bell
67%
But Lancer le souafle dans les buts
67%
Joueur connu à ce poste James Potter
64%
Joueuse connue à ce poste Cho Chang
58%
Joueur connu à ce poste Cormac McLaggen
58%
Joueur connu à ce poste Marcus Flint
58%
Joueur connu à ce poste Viktor Krum
58%
Joueur connu à ce poste Cedric Diggory
56%
Joueur connu à ce poste Gregory Goyle
51%
Joueur connu à ce poste Vincent Crabbe
51%
But Arrêter les buts
33%
Joueur connu à ce poste Charlie Weasley
31%
Joueur connu à ce poste Dean Thomas
31%
Joueur connu à ce poste Zacharias Smith
22%
Joueur connu à ce poste Blaise Zabini
20%
Joueur connu à ce poste Demelza Robins
20%
Joueur connu à ce poste Jimmy Peakes
16%
Joueur connu à ce poste Gwenog Jones
11%
Joueur connu à ce poste Ludo Veroey
11%
Joueur connu à ce poste Montague
11%
Joueur connu à ce poste Roger Davies
11%
Joueur connu à ce poste Adrian Pucey
9%
Joueur connu à ce poste Jack Sloper
9%
Joueur connu à ce poste Regulus Black
9%
Joueur connu à ce poste Ritchie Coote
9%
Joueur connu à ce poste Andrew Kirke
7%
Joueur connu à ce poste Aidan Lynch
4%
Joueur connu à ce poste Bole
4%
Joueur connu à ce poste Rose Granger-Weasley
4%
Joueur connu à ce poste Terence Higgs
4%
Joueur connu à ce poste Troy
4%
Joueur connu à ce poste Warrington
4%
Joueur connu à ce poste Bradley
2%
Joueur connu à ce poste Chambers
2%
Joueur connu à ce poste Derrick
2%
Joueur connu à ce poste Harper
2%
Joueur connu à ce poste Miles Bletchley
2%
Joueur connu à ce poste Morane
2%
Joueur connu à ce poste Mullet
2%
Joueur connu à ce poste Summerby
2%
Joueur connu à ce poste Barry Ryan
0%
Joueur connu à ce poste Cadwallader
0%
Joueur connu à ce poste Catriona McCormack
0%
Joueur connu à ce poste Connolly
0%
Joueur connu à ce poste Darren O'Hare
0%
Joueur connu à ce poste Dimitrov
0%
Joueur connu à ce poste Dragomir Gorgovitch
0%
Joueur connu à ce poste Eunice Murray
0%
Joueur connu à ce poste Fabius Watkins
0%
Joueur connu à ce poste Glynnis Griffiths
0%
Joueur connu à ce poste (fictif) Grenouille
0%
Joueur connu à ce poste Gunhilda Kneen
0%
Joueur connu à ce poste Ivanova
0%
Joueur connu à ce poste Jeremy Stretton
0%
Joueur connu à ce poste Jocelyn Wadcock
0%
Joueur connu à ce poste Joey Jenkins
0%
Joueur connu à ce poste Josef Wronski
0%
Joueur connu à ce poste Karl Broadmoor
0%
Joueur connu à ce poste Keiko Takahachi
0%
Joueur connu à ce poste Kevin Broadmoor
0%
Joueur connu à ce poste Kimiko Kurosawa
0%
Joueur connu à ce poste Ladislaw Zamojski
0%
Joueur connu à ce poste Levski
0%
Joueur connu à ce poste Masaki Hongo
0%
Joueur connu à ce poste Maximus Brankovitch III
0%
Joueur connu à ce poste Meaghan McCormack
0%
Joueur connu à ce poste MinakaTakahachi
0%
Joueur connu à ce poste Noriko Sato
0%
Joueur connu à ce poste Quigley
0%
Joueur connu à ce poste Radulf
0%
Joueur connu à ce poste Randolph Burrow
0%
Joueur connu à ce poste Roderick Plumpton
0%
Joueur connu à ce poste Ryotaro Tanaka
0%
Joueur connu à ce poste Ryuichi Yamaguchi
0%
Joueur connu à ce poste Shintaro Shingo
0%
Joueur connu à ce poste Shizuka Watanabe
0%
Joueur connu à ce poste Tawotsu Iwamoto
0%
Joueur connu à ce poste Todoroki
0%
Joueur connu à ce poste Ugga
0%
Joueur connu à ce poste Urquhart
0%
Joueur connu à ce poste Vaisey
0%
Joueur connu à ce poste Volkov
0%
Joueur connu à ce poste Vulchanov
0%
Joueur connu à ce poste Yoshihiro Suzuki
0%
Joueur connu à ce poste Yoshi Wakahisa
0%
Joueur connu à ce poste Zograf
0%
Aucun quiz correspondant
Distribution des résultats
% des personnes avec chaque résultat
Percentile par nombre de réponses
Votre historique - résultats
Vous n’avez pas pris ce quiz